000 00244nam a22000857a 4500
008 160705b xxu||||| |||| 00| 0 eng d
100 _92282
_a Chaturvedi, M
245 _aA Practical Hindi - English Dictionary
260 _aNew Delhi
_b National
_c1980
999 _c1964
_d1964